Presidentes de la Junta de Andalucía (1978-2024) - Estadísticas

Estadísticas generales
  • Esta prueba ha sido intentada 45 veces
  • La puntuación promedio es 4 de 8
Estadísticas de respuestas
Partido Años en el cargo Nombre % Correcto
PP 2019- Juanma Moreno
100%
PSOE 2013-2019 Susana Díaz
92%
PSOE 1990-2009 Manuel Chaves
82%
PSOE 2009-2013 Jose Antonio Griñán
71%
PSOE 1984-1990 José Rodríguez de la Borbolla
29%
PSOE 1979-1986 Rafael Escuredo
26%
PSOE 2009-2009 Gaspar Zarrías
13%
PSOE 1978-1979 Plácido Fernández Vargas
3%
No se encontraron pruebas coincidentes
Distribución de puntuación
Porcentaje de gente con cada puntuación
Porcentaje por número respondido
Historial de tus puntuaciones
No has intentado esta prueba.